[Event "Belgrade-chT Quality"]
[Site "Belgrade"]
[Date "2020.10.24"]
[Round "5.7"]
[White "Lalic, Mile"]
[Black "Nedeljkovic, Vojislav"]
[Result "1-0"]
[WhiteElo "1997"]
[BlackElo "1483"]
[PlyCount "65"]
[EventDate "2020.10.09"]
[EventType "team-tourn"]
[EventRounds "9"]
[EventCountry "SRB"]
[SourceTitle "EXT 2022"]
[Source "ChessBase"]
[SourceDate "2021.10.06"]
[SourceVersion "1"]
[SourceVersionDate "2021.10.06"]
[SourceQuality "1"]
[WhiteTeam "Belgrade Tehnicka Skola"]
[BlackTeam "Belgrade NBSK"]
[WhiteTeamCountry "SRB"]
[BlackTeamCountry "SRB"]

1. e4 c5 2. Nc3 e6 3. g3 d5 4. d3 d4 5. Nce2 Nf6 6. Bg2 Be7 7. f4 Nc6 8. Nf3 0-0 9. 0-0 h6 10. h3 Qb6 11. b3 h5 12. Nh2 e5 13. f5 a5 14. a4 Nb4 15. g4 hxg4 16. hxg4 Nh7 17. Nf3 Qd6 18. Ng3 Nf6 19. Bh3 b5 20. Rf2 bxa4 21. bxa4 Ba6 22. g5 Nh7 23. f6 gxf6 24. Nf5 Qd8 25. gxf6 Bxf6 26. Bh6 Kh8 27. Bxf8 Nxf8 28. Qd2 Ng6 29. Qh6+ Kg8 30. Ng5 Ra7 31. Nxf7 Rxf7 32. Qxg6+ Kf8 33. Rg2 1-0

[Event "Belgrade-chT Quality"]
[Site "Belgrade"]
[Date "2019.10.13"]
[Round "4.8"]
[White "Nedeljkovic, Vojislav"]
[Black "Jovanovic, Jovan"]
[Result "1/2-1/2"]
[WhiteElo "1466"]
[BlackElo "1886"]
[PlyCount "81"]
[EventDate "2019.10.05"]
[EventType "team-tourn"]
[EventRounds "11"]
[EventCountry "SRB"]
[SourceTitle "EXT 2022"]
[Source "ChessBase"]
[SourceDate "2021.10.06"]
[SourceVersion "1"]
[SourceVersionDate "2021.10.06"]
[SourceQuality "1"]
[WhiteTeam "NBSK"]
[BlackTeam "Banjica"]
[WhiteTeamCountry "SRB"]
[BlackTeamCountry "SRB"]

1. e4 Nf6 2. e5 Nd5 3. d4 d6 4. exd6 exd6 5. Bc4 Nb6 6. Qe2+ Qe7 7. Qxe7+ Bxe7 8. Bb3 Be6 9. Nf3 Bxb3 10. axb3 Nc6 11. 0-0 0-0 12. Be3 Nd5 13. Nc3 Nxc3 14. bxc3 Bf6 15. Nd2 a6 16. Ne4 Be7 17. d5 Ne5 18. Bd4 f5 19. Nd2 Bf6 20. Rfe1 Rae8 21. f4 Nd7 22. Bxf6 Nxf6 23. c4 Rxe1+ 24. Rxe1 Re8 25. Rxe8+ Nxe8 26. Nf3 g6 27. Nd4 Kf7 28. Ne6 Ke7 29. Kf2 c6 30. Nd4 c5 31. Ne6 Nf6 32. Kf3 b5 33. cxb5 axb5 34. c4 bxc4 35. bxc4 Ne4 36. Ke3 h5 37. Ng5 Nxg5 38. fxg5 Kd7 39. g3 Kc7 40. Kd3 Kb6 41. Kc3 1/2-1/2